Plan de manejo para la conservación de la Nutria Neotropical (Lontra longucaudis) en el departamento de La Guajira (Registro nro. 17876)

Detalles MARC
000 -CABECERA
Campo de control 01127nam a22002657a 4500
005 - FECHA Y HORA DE LA ULTIMA TRANSACCION
Campo de control 20180803170204.0
008 - ELEMENTOS DE LONGITUD FIJA—INFORMACION GENERAL
Campo de control 151126b2015 ck ||||gr||||f00| 0 spa d
020 ## - ISBN
ISBN 9789588554433
040 ## - FUENTE DE CATALOGACIÓN
Agencia catalogadora original CO-BoIAVH
Agencia transcriptora CO-BoIAVH
041 0# - IDIOMA
Código de idioma para texto/pista de sonido o título separado Español
044 ## - PAÍS DE PUBLICACIÓN
País de publicación Colombia
082 04 - NUMERO DE CLASIFICACION DECIMAL DEWEY
Número de clasificación 333.9597
Número del ítem C82p
110 2# - ASIENTO PRINCIPAL--NOMBRE CORPORATIVO
Nombre corporativo o de jurisdicción como elemento de entrada Corpoguajira
9 (RLIN) 24589
245 10 - MENCION DE TITULO
Título Plan de manejo para la conservación de la Nutria Neotropical (Lontra longucaudis) en el departamento de La Guajira
260 ## - PUBLICACION, DISTRIBUCION, ETC. (PIE DE IMPRENTA)
Lugar de publicación, distribución, etc. Bogotá (Colombia) :
Nombre del editor, distribuidor, etc. Corpoguajira,
-- Fundación Omacha,
Fecha de publicación, distribución, etc. 2015.
300 ## - DESCRIPCION FISICA
Extensión 72 páginas :
Otros detalles físicos mapas, tablas, ilustraciones y fotografías a color ;
Dimensiones 28 x 22 cm.
504 ## - NOTA DE BIBLIOGRAFIA, ETC.
Nota de bibliografía Incluye referencias bibliográficas (páginas 64 - 70).
650 #6 - ASIENTO SECUNDARIO DE MATERIA - TERMINO TEMATICO
Término temático o nombre geográfico como elemento de entrada Nutria
Subdivisión geográfica Guajira (Departamento, Colombia)
9 (RLIN) 43176
650 #6 - ASIENTO SECUNDARIO DE MATERIA - TERMINO TEMATICO
Término temático o nombre geográfico como elemento de entrada Mustelidae
Subdivisión geográfica Guajira (Departamento, Colombia)
9 (RLIN) 43177
650 #6 - ASIENTO SECUNDARIO DE MATERIA - TERMINO TEMATICO
Término temático o nombre geográfico como elemento de entrada Nutria
Subdivisión general Conservación
Subdivisión geográfica Guajira (Departamento, Colombia)
9 (RLIN) 43178
650 #6 - ASIENTO SECUNDARIO DE MATERIA - TERMINO TEMATICO
Término temático o nombre geográfico como elemento de entrada Nutria
Subdivisión general Plan de manejo
Subdivisión geográfica Guajira (Departamento, Colombia)
9 (RLIN) 43179
650 #6 - ASIENTO SECUNDARIO DE MATERIA - TERMINO TEMATICO
Término temático o nombre geográfico como elemento de entrada Nutria
Subdivisión general Amenazas
Subdivisión geográfica Guajira (Departamento, Colombia)
9 (RLIN) 43180
710 2# - ASIENTO SECUNDARIO - NOMBRE CORPORATIVO
Nombre corporativo o de jurisdicción como elemento de entrada Fundación Omacha
9 (RLIN) 101053
942 ## - ELEMENTOS ADICIONALES (KOHA)
Sistema de clasificación Dewey Decimal Classification
Tipo de ítem Libro
Existencias
Withdrawn status Lost status Sistema de Clasificación Damaged status No para préstamo Colección Inventariado Ubicación Permanente Ubicación actual Fecha de adquisición Fuente de Valor Valor Total Checkouts Número topográfico Inventario / Código de Barras Date last seen Ejemplar Price effective from Forma de adquisición Tipo de material
    Dewey Decimal Classification     General Inventariado 2017 Bogotá Bogotá 26/11/2015 Instituto 39000.00   LB-333.9597 C82p 039484 26/11/2015 Ej. 1 26/11/2015   Libro
    Dewey Decimal Classification     General Inventariado 2017 Sala Fabio Quevedo Sala Fabio Quevedo 29/01/2016 Instituto 39000.00   LB-333.9597 C82p 039645 29/01/2016 Ej. 2 29/01/2016   Libro